[Event "GP"]
[Site "Izmir TUR"]
[Date "2002.08.30"]
[Round "3"]
[White "Gagunashvili,M"]
[Black "Shanava,K"]
[Result "1/2-1/2"]
[WhiteElo "2469"]
[BlackElo "2401"]

1.d4 d5 2.c4 c6 3.Nf3 Nf6 4.Qc2 g6 5.Bf4 Bg7 6.e3 O-O 7.Nbd2 Na6 8.a3 c5
9.Rd1 Bf5 10.Qb3 cxd4 11.exd4 Qb6 12.Qxb6 axb6 13.Be2 Rac8 14.O-O Nc7 15.b3 Rfd8
16.Rfe1 Ne4 17.Bf1 Ne6 18.Be3 h6 19.h3 Nxd2 20.Rxd2 Be4 21.Ne5 dxc4 22.bxc4 g5
23.d5 Bxe5 24.dxe6 Bc3 25.Rxd8+ Rxd8 26.Bxb6 Rd6 27.exf7+ Kxf7 28.Re3 Rxb6
29.Rxc3 Rb1 30.f3 Bc6 31.Re3 Kf6 32.Kf2 Rb2+ 33.Be2 e5 34.Rc3 h5 35.Ke3 h4
36.Rd3 Ke7 37.c5 Rc2 38.Rd6 Rxc5 39.Rg6 e4 40.fxe4 Ra5 41.Bc4 Rxa3+ 42.Kd4 Ra4
43.Kc3 Ra3+ 44.Kb4 Ra4+ 45.Kc3 Ra3+ 46.Kd4 Ra4 47.Kc3 Ra3+ 48.Kd4  1/2-1/2

[Event "Banc-Post A1"]
[Site "Miercurea Ciuc ROM"]
[Date "2002.08.30"]
[Round "7"]
[White "Haragos,K"]
[Black "Solymosi,F"]
[Result "1/2-1/2"]
[WhiteElo "2128"]
[BlackElo "2007"]

1.Nf3 c6 2.d4 Nf6 3.Nbd2 d5 4.c4 g6 5.e3 Bg7 6.Bd3 O-O 7.O-O Ng4 8.h3 Nh6
9.a3 Bf5 10.Be2 Bc8 11.b4 Nd7 12.Bb2 Nf5 13.Qb3 dxc4 14.Bxc4 Nd6 15.Bd3 Nb6
16.a4 Be6 17.Qc2 Nd5 18.Ba3 f6 19.Nb3 Bf7 20.Na5 Rc8 21.Nc4 Nxc4 22.Bxc4 Qd7
23.Rfd1 Qc7 24.Bf1 Rfd8 25.e4 Nf4 26.g3 Ne6 27.Bb2 Qb6 28.Bc3 Qc7  1/2-1/2

[Event "Hot Summer IM"]
[Site "Tel Aviv ISR"]
[Date "2002.08.30"]
[Round "9"]
[White "Bykhovsky,Av"]
[Black "Gutzeit,A"]
[Result "1-0"]
[WhiteElo "2455"]
[BlackElo "2153"]

1.d4 d5 2.c4 c6 3.Nf3 Nf6 4.Qc2 g6 5.Bf4 Bf5 6.Qb3 Qb6 7.c5 Qxb3 8.axb3 Nbd7
9.h3 Bg7 10.b4 a6 11.e3 O-O 12.Nbd2 Rfc8 13.Be2 Ne8 14.O-O f6 15.g4 Be6 16.Ra5 Bf7
17.Bh2 e5 18.Rfa1 Nc7 19.R5a2 h6 20.Ne1 Re8 21.Bd3 Rac8 22.Nb3 Ne6 23.f4 exf4
24.exf4 f5 25.Nf3 fxg4 26.hxg4 Nc7 27.Kf2 Nf6 28.Ne5 Ne4+ 29.Ke3 Be6 30.Rg1 Bxe5
31.dxe5 Nxc5 32.Nxc5 d4+ 33.Kd2 Bxa2 34.Bxg6 Bf7 35.Bxf7+ Kxf7 36.Nxb7 Nb5
37.f5 Ra8 38.Bf4 a5 39.Nxa5 c5 40.e6+ Kf6 41.Rh1 Rh8 42.Nc6 c4 43.Rh5 Kg7
44.Be5+ Kg8 45.Nxd4 Rd8 46.Ke3 Nxd4 47.Bxd4 Rh7 48.f6 Re8 49.Re5  1-0

[Event "ch-Arab"]
[Site "Casablanca MAR"]
[Date "2002.09.01"]
[Round "6"]
[White "Sarsam,S"]
[Black "Al Sayed,Mohamad"]
[Result "0-1"]
[WhiteElo "2407"]
[BlackElo "2405"]

1.d4 d5 2.c4 c6 3.Nf3 Nf6 4.Qc2 dxc4 5.Qxc4 Bf5 6.e3 Nbd7 7.Bd3 Bxd3 8.Qxd3 e5
9.dxe5 Qa5+ 10.Bd2 Nxe5 11.Nxe5 Qxe5 12.Bc3 Qg5 13.O-O Rd8 14.Bxf6 Qxf6 15.Qb3 Bd6
16.Qxb7 O-O 17.Nc3 Rb8 18.Qxa7 Rxb2 19.Rac1 g6 20.Qa4 Rb4 21.Qc2 Rfb8 22.g3 Rb2
23.Qa4 Be5 24.Ne4 Qe6 25.a3 R2b5 26.Rfd1 Kg7 27.Nc5 Qf5 28.Nd3 Bf6 29.Qc4 Rd8
30.a4 Ra5 31.e4 Qf3 32.Rd2 Rd4 33.Qc2  0-1

[Event "7th WUCC Men"]
[Site "Ulaanbaatar MON"]
[Date "2002.09.12"]
[Round "2"]
[White "Batzorig,T"]
[Black "Chi Fengtong"]
[Result "0-1"]
[WhiteElo "2180"]
[BlackElo "2308"]

1.d4 d5 2.Nf3 c6 3.c4 Nf6 4.Qc2 g6 5.Bf4 Bf5 6.Qb3 Qb6 7.c5 Qxb3 8.axb3 Na6
9.Be5 Nb4 10.Na3 Bg7 11.Nd2 O-O 12.Nf3 b6 13.cxb6 axb6 14.Rc1 c5 15.g4 Bxg4
16.Bg2 Bh6 17.Rd1 Nd7 18.Bg3 Bg7 19.h3 Bxf3 20.Bxf3 Bxd4 21.O-O Bxb2 22.Nb5 e6
23.e4 Nf6 24.exd5 Nfxd5 25.Nd6 Bg7 26.Rfe1 Ra3 27.Bg4 Rxb3 28.Nxf7 Rxf7 29.Bxe6 Bd4
30.Rxd4 cxd4 31.Ra1 Rxg3+ 32.fxg3 Kg7 33.Bxf7 Kxf7 34.Kf2 d3 35.Ra7+ Ke6
36.Rxh7 Nc3 37.Ke3 Nb1 38.Rb7 Ke5 39.Rxb6 Nd5+ 40.Kxd3 Nxb6 41.Ke3 Nd5+ 42.Kf3 Nd2+
43.Kg4 Ne4 44.Kf3 Ndf6 45.Kg2 Kf5 46.Kf3 Ng5+ 47.Kg2 Nxh3 48.Kxh3 Kg5  0-1

[Event "ECC"]
[Site "Halkidiki GRE"]
[Date "2002.09.22"]
[Round "1"]
[White "Ilincic,Z"]
[Black "Beaumont,C"]
[Result "1-0"]
[WhiteElo "2532"]
[BlackElo "2318"]

1.d4 d5 2.c4 c6 3.Nf3 Nf6 4.g3 Bf5 5.Nbd2 e6 6.Bg2 Nbd7 7.O-O Bd6 8.Qb3 Qb6
9.c5 Qxb3 10.Nxb3 Bc7 11.Bf4 O-O-O 12.h3 Rhe8 13.Rfc1 e5 14.dxe5 Nxe5 15.Bxe5 Bxe5
16.Nxe5 Rxe5 17.Nd4 Bd7 18.b4 Rde8 19.e3 Ne4 20.Rc2 g5 21.a4 f5 22.b5 f4
23.exf4 gxf4 24.gxf4 Rh5 25.Kh2 Rh4 26.a5 a6 27.bxa6 bxa6 28.f3 Nf6 29.Kg3 Rh6
30.f5 Nh5+ 31.Kh2 Ng7 32.Rb2 Kc7 33.Rab1 Bc8 34.Rb8 Re5 35.Ra8 Nxf5 36.Ra7+ Kd8
37.Nxf5 Rxf5 38.Rb8 Rf8 39.Rxc8+  1-0

[Event "ECC"]
[Site "Halkidiki GRE"]
[Date "2002.09.25"]
[Round "4"]
[White "Tregubov,P"]
[Black "Rabinovich,Al"]
[Result "1-0"]
[WhiteElo "2599"]
[BlackElo "2435"]

1.d4 d5 2.c4 c6 3.Nf3 dxc4 4.e3 b5 5.a4 e6 6.axb5 cxb5 7.b3 Bb4+ 8.Bd2 Bxd2+
9.Nbxd2 a5 10.bxc4 b4 11.Ne5 Nf6 12.Be2 O-O 13.Bf3 Ra7 14.O-O Qc7 15.Qa4 Nfd7
16.Nd3 Ra6 17.Qb5 e5 18.dxe5 Qa7 19.c5 Qc7 20.Nc4 Ra7 21.c6 Ba6 22.Qxa5 Bxc4
23.Qxa7 Qxa7 24.Rxa7 Bxd3 25.cxd7 Bxf1 26.Kxf1 Rd8 27.Bg4 h5 28.Bh3 g5 29.Bf5 Kf8
30.Rc7 Ke7 31.Ke2 Nxd7 32.Kd3 Ke8 33.Bxd7+ Rxd7+ 34.Rxd7 Kxd7 35.Kc4 Ke6
36.f4 gxf4 37.exf4 Kf5 38.g3 h4 39.Kxb4 h3 40.Kc3 Ke4 41.Kd2  1-0

[Event "ECC"]
[Site "Halkidiki GRE"]
[Date "2002.09.28"]
[Round "7"]
[White "Karttunen,M"]
[Black "Olafsson,H"]
[Result "0-1"]
[WhiteElo "2434"]
[BlackElo "2476"]

1.d4 d5 2.c4 c6 3.Nf3 Nf6 4.g3 dxc4 5.Bg2 b5 6.O-O Bb7 7.a4 e6 8.b3 cxb3
9.Qxb3 a6 10.Rd1 Be7 11.Ne5 O-O 12.axb5 axb5 13.Rxa8 Bxa8 14.Qa2 Bb7 15.Qa7 Qc8
16.Bg5 h6 17.Bxf6 gxf6 18.Nd3 Na6 19.Nc3 b4 20.Na4 Qb8 21.Qxb8 Rxb8 22.Rc1 b3
23.Rb1 Bc8 24.Nc1 Rb4 25.Nc3 c5 26.Rxb3 cxd4 27.Rxb4 Nxb4 28.Nb1 e5 29.Nd2 f5
30.Nf3 Bf6 31.Nd3 Nc6 32.Nd2 e4 33.Nf4 Be5 34.e3 Ba6 35.Nd5 Kg7 36.h3 dxe3
37.Nxe3 Nd4 38.Bf1 Bb7 39.Ndc4 Bc7 40.Ng2 Kf6 41.Nce3 Nf3+ 42.Kh1 Ng5 43.Nf4 Bxf4
44.gxf4 Ne6 45.Ng2 Nc5 46.Kh2 Ba6 47.Bxa6 Nxa6 48.Ne3 Nb4 49.Kg3 Ke6 50.Nc4 Nd5
51.f3 e3 52.Ne5 Nf6 53.Kg2 Nh5  0-1

[Event "Eu Blitz Ch"]
[Site "Panormo GRE"]
[Date "2002.10.02"]
[Round "5"]
[White "Grivas,E"]
[Black "Miroshnichenko,E"]
[Result "1/2-1/2"]
[WhiteElo "2494"]
[BlackElo "2548"]

1.d4 d5 2.c4 c6 3.Nf3 Nf6 4.Qc2 Bg4 5.Nbd2 Nbd7 6.g3 e6 7.Bg2 Be7 8.O-O O-O
9.e4 Nxe4 10.Nxe4 Bf5 11.Ne5 dxe4 12.Bxe4 Bxe4 13.Qxe4 Nxe5 14.dxe5 Qa5 15.a3 Rfd8
16.Be3 Qa4 17.Rac1 c5 18.Qxb7 Bf8 19.Qb5 Qxb5 20.cxb5 Rdb8 21.Bxc5 Rxb5 22.b4 g6
23.Rfd1 Rb7 24.Bxf8 Kxf8 25.Rc5 a5 26.Rxa5 Rxa5 27.bxa5 Ra7 28.Rd3 Rxa5 29.f4 h6
30.Kf2 g5 31.Kf3 Kg7 32.h4 Kg6 33.hxg5 hxg5 34.Kg4 gxf4 35.gxf4 Ra4 36.Rb3 Ra6
37.Rd3 Ra4 38.Rd6 Kg7 39.Rd3 Kg6 40.Rc3 Ra6 41.Re3 Ra4 42.Rd3 Ra6 43.Rd6 Ra4
44.Rd3  1/2-1/2

[Event "ch-ESP Open"]
[Site "Ayamonte ESP"]
[Date "2002.10.05"]
[Round "2"]
[White "Palacios Perez,M"]
[Black "Rodriguez Guerrero,E"]
[Result "0-1"]
[WhiteElo "2192"]
[BlackElo "2319"]

1.d4 d5 2.c4 c6 3.Nf3 Nf6 4.Qc2 dxc4 5.Qxc4 Bf5 6.g3 Nbd7 7.Bg2 e6 8.O-O Be7
9.Nc3 O-O 10.e3 b5 11.Qe2 b4 12.Na4 Qa5 13.b3 Be4 14.Bb2 Rfc8 15.Nd2 Bxg2
16.Kxg2 Nb6 17.a3 Nxa4 18.bxa4 b3 19.Qc4 Qxd2  0-1

[Event "11th Monarch Assurance"]
[Site "Port Erin IOM"]
[Date "2002.10.05"]
[Round "8"]
[White "Stocek,J"]
[Black "Dautov,R"]
[Result "0-1"]
[WhiteElo "2555"]
[BlackElo "2617"]

1.d4 d5 2.c4 c6 3.Nf3 Nf6 4.Qc2 dxc4 5.e4 b5 6.b3 cxb3 7.axb3 e6 8.Bd2 Bb7
9.Ba5 Qc8 10.Nbd2 Na6 11.Qb2 Bb4 12.Be2 O-O 13.O-O Qd7 14.Rfd1 Qe7 15.e5 Nd5
16.Ne4 Bxa5 17.Rxa5 Nab4 18.Qd2 a6 19.h4 f6 20.exf6 gxf6 21.Raa1 Rad8 22.Bf1 Kh8
23.Re1 Bc8 24.Nc5 Rde8 25.Rac1 Qg7 26.g3 Re7 27.Bg2 Rg8 28.Re2 Rge8 29.Rce1 e5
30.dxe5 fxe5 31.Re4 a5 32.Qb2 Bf5 33.Rxe5 Bg6 34.R1e2 Nd3 35.Nxd3 Bxd3 36.Rxe7 Rxe7
37.Qxg7+ Kxg7 38.Rxe7+ Nxe7 39.Ne5 Bc2 40.Nxc6 Nxc6 41.Bxc6 Bxb3 42.Bxb5 a4
43.Bxa4 Bxa4 44.Kg2 Bd1 45.f3 Kf6 46.Kf2 Kf5 47.Ke3 Ke5 48.Kf2 Kd4 49.g4 Ba4
50.h5 Ke5 51.Kg3 Bd1 52.h6 Ba4 53.f4+ Ke4 54.f5 Be8 55.Kh3 Kf4 56.Kh4 Bf7
57.Kh3 Kg5 58.Kg3 Bd5  0-1

[Event "TCh-BEL 2001-2"]
[Site "Belgium BEL"]
[Date "2002.10.12"]
[Round "7"]
[White "Van Heirzeele,D"]
[Black "Nezar,M"]
[Result "1/2-1/2"]
[WhiteElo "2223"]
[BlackElo "2380"]

1.d4 d5 2.c4 c6 3.Nf3 Nf6 4.Qb3 dxc4 5.Qxc4 Bf5 6.g3 e6 7.Bg2 Nbd7 8.Nc3 Be7
9.O-O O-O 10.e3 Ne4 11.Rd1 Nxc3 12.bxc3 Bc2 13.Re1 Qa5 14.Bd2 Ba3 15.Bc1 Bd6
16.Bd2 Be4 17.Qb3 Qc7 18.Nh4 Bxg2 19.Kxg2 c5 20.e4 Nb6 21.a4 cxd4 22.cxd4 Qc4
23.Qxc4 Nxc4 24.Be3 Rfd8 25.Nf3 Rac8 26.Rec1 Rd7 27.Nd2 Nxe3+ 28.fxe3 Rdc7
29.Nb3 Rc3 30.Kf3 R8c7 31.e5 Bb4 32.Rab1 a5 33.Nc5 Rxc1 34.Rxc1 f6 35.Nd3 Rxc1
36.Nxc1 fxe5 37.dxe5 Kf7 38.Nd3 Bc3 39.Nc5 Bb4 40.Nxb7 Ke7 41.Ke4 Kd7 42.Kd4 Kc6  1/2-1/2

[Event "TCh-CZE 2002-3"]
[Site "Czech Rep CZE"]
[Date "2002.10.12"]
[Round "1"]
[White "Dolezal,R1"]
[Black "Cech,P"]
[Result "1/2-1/2"]
[WhiteElo "2424"]
[BlackElo "2331"]

1.d4 d5 2.Nf3 Nf6 3.c4 c6 4.Qb3 dxc4 5.Qxc4 Bf5 6.Nc3 e6 7.Qb3 Qb6 8.Qxb6 axb6
9.Bg5 Nbd7 10.Nh4 b5 11.Nxf5 exf5 12.Bxf6 Nxf6 13.e3 b4 14.Nb1 f4 15.Nd2 fxe3
16.fxe3 Ng4 17.Ke2 f5 18.Kf3 Bd6 19.g3 Nf6 20.Bc4 Kd7 21.Rhe1 Rae8 22.Bd3 g6
23.e4 fxe4+ 24.Nxe4  1/2-1/2

[Event "10th Chigorin Mem"]
[Site "St Petersburg RUS"]
[Date "2002.10.25"]
[Round "1"]
[White "Iljin,A"]
[Black "Popov,Val"]
[Result "1/2-1/2"]
[WhiteElo "2456"]
[BlackElo "2568"]

1.Nf3 d5 2.d4 Nf6 3.c4 c6 4.Qc2 dxc4 5.Qxc4 e6 6.Bg5 h6 7.Bh4 b5 8.Qc2 Bb7
9.Bxf6 Qxf6 10.e3 Nd7 11.Nc3 a6 12.Bd3 Qd8 13.O-O c5 14.Be4 Bxe4 15.Qxe4 cxd4
16.Nxd4 Bc5 17.Rfd1 Bxd4 18.Rxd4 Qc8 19.Nd5 Kf8 20.Nc3 Nf6 21.Qf3 Ke7 22.a4 bxa4  1/2-1/2

[Event "10th Chigorin Mem"]
[Site "St Petersburg RUS"]
[Date "2002.10.25"]
[Round "1"]
[White "Lysyj,I"]
[Black "Makarov,M"]
[Result "1/2-1/2"]
[WhiteElo "2417"]
[BlackElo "2513"]

1.d4 d5 2.Nf3 c6 3.c4 dxc4 4.e3 Be6 5.a4 Nf6 6.Na3 c5 7.Bxc4 Bxc4 8.Nxc4 cxd4
9.Nxd4 Qd5 10.Qc2 Nc6 11.O-O Nxd4 12.exd4 e6 13.Rd1 Be7 14.Bf4 O-O 15.Ne3 Qd7
16.Be5 Rac8 17.Qb3 Nd5 18.Nxd5 Qxd5 19.Qxd5 exd5 20.Rac1 f6 21.Bf4 Kf7 22.Kf1 g5
23.Be3 f5 24.Ke2 f4 25.Bd2 Bd6  1/2-1/2

[Event "10th Chigorin Mem"]
[Site "St Petersburg RUS"]
[Date "2002.10.26"]
[Round "2"]
[White "Matjushin,G"]
[Black "Hasangatin,R"]
[Result "1/2-1/2"]
[WhiteElo "2420"]
[BlackElo "2524"]

1.c4 Nf6 2.Nf3 c6 3.d4 d5 4.Qc2 g6 5.cxd5 cxd5 6.Nc3 Bg7 7.Bf4 Nc6 8.e3 O-O
9.Bb5 Bf5 10.Qa4 Na5 11.O-O a6 12.Be2 b5 13.Qd1 Qb6 14.Rc1 Rfc8 15.b3 Bd7
16.Ne5 Be8 17.Ng4 e6 18.Nxf6+ Bxf6 19.Qd2 Be7 20.Bd3 Qd8 21.Ne2 Nc6 22.e4  1/2-1/2

[Event "Blue Autumn"]
[Site "Bucharest ROM"]
[Date "2002.10.27"]
[Round "5"]
[White "Ionescu,Co"]
[Black "Murariu,A"]
[Result "1/2-1/2"]
[WhiteElo "2489"]
[BlackElo "2395"]

1.d4 d5 2.Nf3 Nf6 3.c4 c6 4.Qc2 g6 5.Bf4 dxc4 6.Qxc4 Bg7 7.Nc3 Nd5 8.Be5 Bxe5
9.Nxe5 Be6 10.Nxd5 Bxd5 11.Qc3 Nd7 12.Nd3 f6 13.f3 O-O 14.e4 Bf7 15.Be2 Re8
16.Nc5 Nxc5 17.dxc5 Qc7 18.O-O e5 19.Rfd1 Red8 20.a3 Rxd1+ 21.Rxd1 Rd8 22.Kf2 Rxd1
23.Bxd1 Qd8 24.Bb3 Bxb3 25.Qxb3+ Kf8 26.Qxb7 Qd2+ 27.Kg3 Qg5+  1/2-1/2

[Event "Olympiad"]
[Site "Bled SLO"]
[Date "2002.10.28"]
[Round "3"]
[White "Garcia,Rau"]
[Black "Kelly,B"]
[Result "0-1"]
[WhiteElo "2269"]
[BlackElo "2451"]

1.Nf3 d5 2.d4 c6 3.c4 Nf6 4.Qc2 dxc4 5.Qxc4 Bf5 6.Nc3 e6 7.g3 Nbd7 8.Bg2 Be7
9.O-O O-O 10.e3 Ne4 11.Rd1 Nxc3 12.bxc3 Be4 13.Ne1 Bxg2 14.Kxg2 Qa5 15.Nf3 c5
16.Bd2 Rac8 17.Qb3 Qa6 18.Rab1 b6 19.Kg1 Nf6 20.Re1 Ne4 21.Rbd1 Qb7 22.c4 Nxg3
23.hxg3 Qxf3 24.d5 exd5 25.cxd5 c4 26.Qa4 Rfd8 27.e4 Bc5 28.Be3 Rd6 29.Qc2 Bb4
30.Re2 h5 31.Bf4 Rg6 32.e5 Bc5 33.Qe4 Bxf2+ 34.Kf1 Qxe4 35.Rxe4 Bxg3 36.Bxg3 Rxg3
37.d6 Rg4 38.Re3 Kf8 39.Rd5 h4 40.e6 Rf4+ 41.Kg2 fxe6 42.Rxe6 c3 43.d7 Rd8
44.Rc6 Ke7 45.Re5+ Kxd7 46.Rxc3 Rdf8 47.Rce3 R8f7  0-1

[Event "2nd Rohde Open"]
[Site "Sautron FRA"]
[Date "2002.10.28"]
[Round "3"]
[White "Raetsky,A"]
[Black "Rate,B"]
[Result "1-0"]
[WhiteElo "2423"]
[BlackElo "2066"]

1.d4 d5 2.c4 c6 3.Nf3 Nf6 4.g3 e6 5.Bg2 Nbd7 6.Qc2 Bd6 7.Nbd2 O-O 8.O-O Re8
9.b3 e5 10.dxe5 Nxe5 11.Bb2 Bg4 12.cxd5 Nxd5 13.a3 Bh5 14.Nd4 Bg6 15.e4 Bc7
16.Rad1 Qe7 17.h3 Bb6 18.Rfe1 Nc7 19.Nf5 Bxf5 20.exf5 f6 21.Nc4 Qc5 22.Bxe5 fxe5
23.b4 Qf8 24.Nxe5 Rad8 25.Qb3+ Nd5 26.Bxd5+  1-0

[Event "6th OIBM"]
[Site "Bad Wiessee GER"]
[Date "2002.10.29"]
[Round "4"]
[White "Prusikhin,M"]
[Black "Cordts,I"]
[Result "1-0"]
[WhiteElo "2504"]
[BlackElo "2272"]

1.d4 d5 2.c4 c6 3.Nf3 dxc4 4.e4 b5 5.a4 Nf6 6.e5 Nd5 7.Nc3 e6 8.Ng5 Be7 9.Nge4 b4
10.Nb1 Ba6 11.Qg4 Kf8 12.Be2 h5 13.Qf3 g5 14.h3 Nf4 15.Nxg5 Nd3+ 16.Bxd3 Bxg5
17.Bg6 f5 18.Bxf5 Bxc1 19.Bxe6+ Kg7 20.Qf7+ Kh6 21.Bf5 Qg5 22.h4 Qxf5 23.Qxf5 Bxb2
24.Qf6+ Kh7 25.Qf7+ Kh6 26.g4 hxg4 27.h5  1-0

[Event "10th Chigorin Mem B"]
[Site "St Petersburg RUS"]
[Date "2002.10.29"]
[Round "5"]
[White "Mukhin,G"]
[Black "Gunina,V"]
[Result "1/2-1/2"]
[WhiteElo "2375"]
[BlackElo "2146"]

1.d4 Nf6 2.Nf3 d5 3.c4 c6 4.Qc2 g6 5.e3 Bf5 6.Qb3 Qc7 7.Nc3 Be6 8.Ng5 Bd7
9.e4 h6 10.e5 hxg5 11.exf6 exf6 12.cxd5 Be7 13.Be3 Kf8 14.g3 Kg7 15.Bg2 Bh3
16.Bxh3 Rxh3 17.O-O-O cxd5 18.Kb1 Nc6 19.Qxd5 Nb4 20.Qf3 Rah8 21.d5 Qd7 22.a3 g4
23.Qe4 Na6 24.d6 Bd8 25.Nd5 Re8 26.Qc2 Rh5 27.Nf4 Rb5 28.h3 Bb6 29.Bxb6 Rxb6
30.hxg4 Rxd6 31.Rxd6 Qxd6 32.f3 Rh8 33.Rxh8 Kxh8 34.Qc8+ Kg7 35.Qxb7 Qd1+
36.Ka2 Nc5 37.Qd5 Qc2 38.g5 fxg5 39.Qd4+ Kh7 40.Nd5 Qb3+ 41.Kb1 Nd3 42.Nf6+ Kh6  1/2-1/2

[Event "Blue Autumn"]
[Site "Bucharest ROM"]
[Date "2002.10.31"]
[Round "9"]
[White "Ionescu,Co"]
[Black "Mateuta,G"]
[Result "1/2-1/2"]
[WhiteElo "2489"]
[BlackElo "2390"]

1.Nf3 d5 2.d4 Nf6 3.c4 c6 4.Qc2 dxc4 5.Qxc4 Bf5 6.g3 e6 7.Bg2 Be7 8.O-O O-O
9.b3 b5 10.Qc3 Nbd7  1/2-1/2

[Event "10th Chigorin Mem"]
[Site "St Petersburg RUS"]
[Date "2002.10.31"]
[Round "6"]
[White "Makarov,M"]
[Black "Solovjov,S"]
[Result "1/2-1/2"]
[WhiteElo "2513"]
[BlackElo "2467"]

1.Nf3 d5 2.d4 c6 3.c4 Nf6 4.Qc2 e6 5.Nbd2 Nbd7 6.g3 Be7 7.Bg2 O-O 8.O-O b6
9.e4 Bb7 10.e5 Ne8 11.cxd5 cxd5 12.Re1 Rc8 13.Qb3 Nb8 14.Nf1 Nc6 15.Bd2 Qd7
16.h4 Na5 17.Qd3 Nc4 18.Ng5 g6 19.b3 Nxd2 20.Qxd2 Qb5 21.Rec1 Ng7 22.Ne3  1/2-1/2

[Event "10th Chigorin Mem B"]
[Site "St Petersburg RUS"]
[Date "2002.11.01"]
[Round "7"]
[White "Gordenko,D"]
[Black "Achang,A"]
[Result "1-0"]
[WhiteElo "2364"]
[BlackElo "2179"]

1.d4 d5 2.c4 c6 3.Nf3 Nf6 4.Qc2 e6 5.g3 Nbd7 6.Nbd2 b6 7.Bg2 Bb7 8.O-O Be7
9.Rd1 c5 10.cxd5 Nxd5 11.dxc5 Nxc5 12.Nb3 O-O 13.Nxc5 Bxc5 14.Ng5 g6 15.Ne4 Qe7
16.Bh6 Rfc8 17.Qb3 Rab8 18.a3 f5 19.Ng5 Rd8 20.e4 Bxf2+ 21.Kh1 Nc7 22.exf5 Bxg2+
23.Kxg2 Bd4 24.fxe6 Bf6 25.Rd7 Bxg5 26.Rxe7 Bxe7 27.Qf3 Nxe6 28.Qb3 Rd6 29.Re1 Kf7
30.Bf4 Rbd8 31.Bxd6 Rxd6 32.Qf3+ Kg7 33.Rd1 Ng5 34.Qe2 Re6 35.Qc4 Re4 36.Qc7 Kf8
37.Rf1+ Kg7 38.h4 Nf7 39.Qxa7 Re6 40.Qd7 Re2+ 41.Rf2 Re4 42.Qd5 Nd6 43.Kf1 Nf5
44.Rxf5 gxf5 45.Qxf5 Rc4 46.Ke2 Bf6 47.Qd7+  1-0

[Event "Olympiad w"]
[Site "Bled SLO"]
[Date "2002.11.02"]
[Round "8"]
[White "Piarnpuu,L"]
[Black "Seps,M"]
[Result "1/2-1/2"]
[WhiteElo "2230"]
[BlackElo "2067"]

1.Nf3 Nf6 2.c4 c6 3.d4 d5 4.Qc2 dxc4 5.Qxc4 Bf5 6.g3 e6 7.Bg2 Nbd7 8.Nc3 Be7
9.O-O O-O 10.e3 Ne4 11.Qe2 Bf6 12.Nd2 Nxc3 13.bxc3 e5 14.e4 Bg6 15.Nb3 Re8
16.Be3 exd4 17.Bxd4 Qc7 18.f3 h5 19.Rfd1 h4 20.Qf2 Be7 21.f4 c5 22.Be3 Nf6
23.f5 Bh5 24.Bf4 Qb6 25.Rdb1 Qd8 26.h3 hxg3 27.Qxg3 Be2 28.Qf2 Bd3 29.Rd1 c4
30.Nd2 Qc8 31.Be3 Bd6 32.Bf3 Qc7 33.Qg2 Bc5 34.Bxc5 Qxc5+ 35.Kh1 Qe5 36.Re1 Rad8
37.Rac1 b5 38.Qh2 Qxh2+ 39.Kxh2 Re5 40.Kg3 Rde8 41.Kf4 Nd5+ 42.Kg3 Nf6 43.Kf4 Nd5+
44.Kg3  1/2-1/2

[Event "Olympiad"]
[Site "Bled SLO"]
[Date "2002.11.04"]
[Round "9"]
[White "Szmetan,R"]
[Black "Bayram,Y"]
[Result "1/2-1/2"]
[WhiteElo "2282"]
[BlackElo "2313"]

1.d4 d5 2.Nf3 Nf6 3.c4 c6 4.g3 g6 5.Bg2 Bg7 6.O-O O-O 7.cxd5 cxd5 8.Ne5 e6
9.Nc3 Nfd7 10.f4 Nc6 11.Be3 Ncxe5 12.dxe5 f6 13.exf6 Nxf6 14.Bd4 Bd7 15.e4 Nxe4
16.Nxe4 dxe4 17.Bxg7 Kxg7 18.Qd4+ Kf7 19.Bxe4 Bc6 20.Qxd8 Rfxd8 21.Bxc6 bxc6
22.Rfd1 Rd5 23.Rac1 Rc8 24.b4 Ke7 25.Kf2 Kd6 26.Rxd5+ exd5 27.Rc5 Re8 28.Ra5 Re4
29.a3 d4 30.Rxa7 d3 31.Ra8 Kd7 32.Ra7+ Ke8 33.Ra8+ Ke7 34.Ra7+ Ke6 35.Ra8 Re2+
36.Kf3 Kd5 37.Rd8+ Kc4 38.Rd6 Re8 39.Rxc6+ Kb3 40.Rd6 Kc2 41.Rc6+ Kd1 42.Kf2 Re2+
43.Kf1 Ra2 44.b5 Rxa3 45.b6 Rb3 46.g4 Rb4 47.Kf2 d2 48.Rd6 Kc2 49.Rc6+ Kd3
50.Rd6+ Ke4 51.f5 gxf5 52.gxf5 Rxb6 53.Rxd2 Kxf5 54.Kg2 Rg6+ 55.Kf2 Kg4 56.Rd3 Ra6
57.Rg3+ Kf4 58.Rf3+ Ke4 59.Rf7 Rh6 60.Kg3 Ke5 61.Ra7 Kf5 62.Ra5+ Kg6 63.Ra6+ Kg7  1/2-1/2

[Event "Olympiad"]
[Site "Bled SLO"]
[Date "2002.11.05"]
[Round "10"]
[White "San Segundo Carrillo,P"]
[Black "Starostits,I"]
[Result "1/2-1/2"]
[WhiteElo "2523"]
[BlackElo "2398"]

1.d4 d5 2.c4 c6 3.Nf3 dxc4 4.e3 Be6 5.Nc3 b5 6.a4 Qa5 7.Bd2 b4 8.Na2 c3 9.bxc3 Bxa2
10.Rxa2 bxc3 11.Bc1 e6 12.Qc2 Na6 13.Bxa6 Qxa6 14.Ba3 Ne7 15.Ne5 Rb8 16.Nd3 Nd5
17.Bxf8 Kxf8 18.O-O Ke7 19.Rd1 Rhd8 20.Qc1 Qc4 21.Qa3+ Kf6 22.Ne5 Qb3 23.Rc1 Qxa3
24.Rxa3 c2 25.Raa1 Nb4 26.Nc4 c5 27.Na3 cxd4 28.Nxc2 d3 29.Nxb4 Rxb4 30.Rd1 Rd5
31.Ra3 Rb2 32.g4 d2 33.Kf1 Rb4 34.h3 h5 35.gxh5 Rxh5 36.Rxd2 Rxh3 37.a5 Rf3
38.Raa2 Rb7 39.a6 Rc7 40.Rdc2 Re7 41.Ra5 Rf5 42.Rxf5+ Kxf5 43.Rc5+ e5 44.Ke2 Ke6
45.e4 Kd6 46.Rb5 Rc7 47.Kf3 f6 48.Kg4 g6 49.f3 Rc6 50.Ra5 Rc5 51.Ra1 Kc6
52.Rh1 Kb5 53.Rh6 Rc6 54.Rxg6 Rxa6 55.Kf5 Rb6 56.Rg1 a5 57.Rb1+ Ka6 58.Ra1 Rc6
59.f4 exf4 60.Kxf4 Kb5 61.Rb1+ Kc4 62.Rc1+ Kb5 63.Rb1+ Ka4 64.Kf5 Rd6 65.Rb8 Ka3
66.Rb7 a4 67.Rb8 Ka2 68.Rb4 Ka3 69.Rb8 Rc6 70.Rb7 Rc4 71.Rb6 Rb4 72.Rxf6 Kb3
73.e5 a3 74.Ra6 Ra4 75.Rxa4 Kxa4 76.e6 a2 77.e7 a1=Q 78.e8=Q+ Kb3  1/2-1/2

[Event "Olympiad"]
[Site "Bled SLO"]
[Date "2002.11.05"]
[Round "10"]
[White "Kesmaecker,P"]
[Black "Guller,A"]
[Result "1/2-1/2"]
[WhiteElo "2274"]
[BlackElo "2115"]

1.d4 d5 2.Nf3 Nf6 3.c4 c6 4.Qc2 e6 5.g3 Bd6 6.Bg2 Nbd7 7.O-O O-O 8.Nbd2 Re8
9.Rd1 Qe7 10.e4 Nxe4 11.Nxe4 dxe4 12.Qxe4 e5 13.dxe5 Nxe5 14.Ng5 f5 15.Qc2 h6
16.Nf3 Nxf3+ 17.Bxf3 Bc5 18.Bd2 Be6 19.Bc3 Qf7 20.b4 Be7 21.c5 f4 22.Be4 Red8
23.Bh7+ Kh8 24.Bg6 Qf8 25.Qe4 Bd5 26.Qxf4 Qxf4 27.gxf4 Bf6 28.Be5 Kg8 29.Rd2 Bf7
30.Bxf7+ Kxf7 31.Rad1 Rxd2 32.Rxd2 Rd8 33.Rxd8 Bxd8 34.Kg2 g6 35.Kf3 Ke6
36.Ke4 h5 37.h3 Be7 38.f3 Bd8 39.Bd4  1/2-1/2

[Event "Last Autumn GM"]
[Site "Tel Aviv ISR"]
[Date "2002.11.10"]
[Round "7"]
[White "Kaganskiy,G"]
[Black "Kundin,A"]
[Result "1-0"]
[WhiteElo "2315"]
[BlackElo "2429"]

1.d4 d5 2.c4 c6 3.Nf3 dxc4 4.a4 e6 5.e3 b5 6.axb5 cxb5 7.b3 Bb4+ 8.Bd2 Bxd2+
9.Nbxd2 a5 10.bxc4 b4 11.Be2 Bb7 12.Ne5 Nf6 13.Qa4+ Nfd7 14.Qb5 Qc7 15.Nb3 O-O
16.Nxd7 Nxd7 17.Rxa5 Bc6 18.Qg5 Rxa5 19.Qxa5 Qxa5 20.Nxa5 Bxg2 21.Rg1 Ra8
22.Rxg2 Rxa5 23.Bd1 Ra2 24.Rg5 f5 25.e4 Kf8 26.e5 Nb6 27.Bb3 Ra1+ 28.Kd2 g6
29.Rg3 Ke7 30.Rh3 h5 31.Rg3 Kf7 32.h4 Rf1 33.Ke2 Rc1 34.Kd2 Rf1 35.c5 Nd5
36.Ke2 Rc1 37.Bxd5 exd5 38.e6+ Kf6 39.e7 Kxe7 40.Rxg6 Rc4 41.Ke3 f4+ 42.Kxf4 Rxd4+
43.Ke5 Re4+ 44.Kxd5 Rxh4 45.Rg7+ Kd8 46.Kc6 Rf4 47.Rd7+ Kc8 48.Rc7+ Kd8 49.Rh7 h4
50.Rh8+ Ke7 51.Rh7+ Kd8 52.Rh8+ Ke7 53.Rh7+ Ke6 54.Rg7 b3 55.Rg1 b2 56.Re1+ Kf6
57.Rb1 Rxf2 58.Kb7 Ke5 59.c6  1-0

[Event "WYg16"]
[Site "Heraklio GRE"]
[Date "2002.11.21"]
[Round "7"]
[White "Batsiashvili,N"]
[Black "Kovanova,B"]
[Result "1-0"]
[WhiteElo "2236"]
[BlackElo "2136"]

1.d4 d5 2.c4 c6 3.Nf3 dxc4 4.a4 Nf6 5.Nc3 Be6 6.Ng5 Bg4 7.f3 Bc8 8.e3 Qa5
9.Ne4 Nxe4 10.fxe4 Qg5 11.Qf3 Qh4+ 12.g3 Qg4 13.Qf2 e6 14.Bxc4 Bb4 15.O-O O-O
16.Qg2 Nd7 17.e5 Qg6 18.Bd2 Nb6 19.Ba2 Bd7 20.Bb1 Qg5 21.Ne4 Qe7 22.Bxb4 Qxb4
23.Qh3 h6 24.Nf6+ Kh8 25.Qg4 gxf6 26.Qh4 f5 27.Qxh6+ Kg8 28.Qg5+ Kh8 29.Rf4 Qe1+
30.Kg2 Qe2+ 31.Kh3 Qg4+ 32.Rxg4 fxg4+ 33.Kg2  1-0

[Event "WYb16"]
[Site "Heraklio GRE"]
[Date "2002.11.21"]
[Round "8"]
[White "Wojtaszek,R"]
[Black "Filippov,A"]
[Result "1-0"]
[WhiteElo "2452"]
[BlackElo "2292"]

1.d4 d5 2.c4 c6 3.Nf3 Nf6 4.Qc2 g6 5.Bf4 Bf5 6.Qb3 Qb6 7.e3 Qxb3 8.axb3 Nbd7
9.Nc3 Bg7 10.h3 h6 11.Be2 O-O 12.O-O a6 13.Bh2 Rfe8 14.Rfc1 Rac8 15.g4 Be4
16.Nd2 g5 17.Ndxe4 dxe4 18.Ra5 c5 19.Bf1 cxd4 20.exd4 Nb8 21.d5 e6 22.d6 Nc6
23.Ra4 Nd4 24.b4 Nf3+ 25.Kg2 Nxh2 26.Kxh2 b5 27.cxb5 axb5 28.Bxb5 Red8 29.Rd1 Nd5
30.d7 Rb8 31.Nxd5 exd5 32.Rxd5 Rb6 33.Ra6 Rxa6 34.Bxa6 Bxb2 35.Bc8 f6 36.b5 Kf7
37.b6 Ke6 38.Rb5 Bc1 39.b7 Bf4+ 40.Kg2 Bb8 41.Ra5 Kd6 42.Ra6+ Kc7 43.Re6  1-0

[Event "WYb12"]
[Site "Heraklio GRE"]
[Date "2002.11.21"]
[Round "8"]
[White "Kuzubov,Y"]
[Black "Susilodinata,A"]
[Result "0-1"]
[WhiteElo "2186"]
[BlackElo "2242"]

1.d4 d5 2.c4 c6 3.Nf3 Nf6 4.Nbd2 Bf5 5.g3 e6 6.Bg2 Nbd7 7.O-O Be7 8.b3 O-O
9.Bb2 a5 10.a3 Ne4 11.Ne1 Nxd2 12.Qxd2 a4 13.f3 axb3 14.e4 Bg6 15.Qc3 Qb6
16.Rf2 Rfd8 17.Nd3 Bf6 18.cxd5 cxd5 19.Nf4 Rac8 20.Qb4 Qxb4 21.axb4 Nb6 22.e5 Be7
23.Nxg6 hxg6 24.Ra3 Nc4 25.Rxb3 Nxb2 26.Rfxb2 Rc4 27.Rd3 Bxb4 28.f4 b6 29.Kf1 Ra8
30.Rd1 Bc3 31.Rxb6 Bxd4 32.Rb3 Ra2 33.Rbd3 Rcc2 34.Rxd4 Rf2+ 35.Kg1 Rxg2+
36.Kf1 Rxh2 37.Kg1 Rag2+ 38.Kf1 Rxg3  0-1